• 首页
  • 本馆介绍
  • 公告通知
  • 最新文献
  • 馆藏检索
  • 电子资源
  • 读者导购
  • 参考咨询
  • 我的图书馆
  • 登录
  • 详细信息显示
  • 放入我的书架
  • 预约/预借图书
  • 作者相关作品
  • 分类相关作品
  • 丛书相关作品
  • 出版社相关作品

书目信息

  • 表格格式
  • 工作单格式
  • 卡片格式
题名:
2009年注册会计师考试课堂笔记及典型例题精析
    
 
作者: 张志凤 编著
分册:   会计
出版信息: 北京   经济科学出版社  2009
页数: 319页
开本: 26cm
丛书名:
单 册:
中图分类: F23 , F230
科图分类:
主题词: 会计师--考核--自学参考资料 , 会计学--考核--自学参考资料 , 会计师 , 会计学
电子资源:
ISBN: 978-7-5058-8088-7
000 01026nam0 2200301 45
001 1033071281
005 20100408155919.65
010    @a978-7-5058-8088-7@dCNY32.00
100    @a20100401d2009 em y0chiy50 ea
101 0  @achi
102    @aCN@b110000
105    @ay zq 000yy
106    @ar
200 1  @a2009年注册会计师考试课堂笔记及典型例题精析@A2009 Nian Zhu Ce Kuai Ji Shi Kao Shi Ke Tang Bi Ji Ji Dian Xing Li Ti Jing Xi@i会计@IKuai Ji@f张志凤编著@FZhang Zhi Feng Bian Zhu
210    @a北京@c经济科学出版社@d2009
215    @a319页@d26cm
300    @a2009年注册会计师全国统一考试辅导用书——轻松过关 5
304    @a东奥会计在线组编
330    @a本书内容包括考试题型与复习方法,课堂笔记及典型例题精析两个部分。
606 0  @a会计师@x考核@j自学参考资料
606 0  @a会计学@x考核@j自学参考资料
606 0  @a会计师
606 0  @a会计学
690    @aF23@v4
690    @aF230@v4
701  0 @a张志凤@AZhang Zhi Feng@f(1962.8~)@4编著
801  0 @aCN@bTANGWEI@c20100408
905    @b0588094-98@dF23@e353@f5
    
    2009年注册会计师考试课堂笔记及典型例题精析.会计/张志凤编著.-北京:经济科学出版社,2009
    319页;26cm
    2009年注册会计师全国统一考试辅导用书——轻松过关 5
    
    ISBN 978-7-5058-8088-7:CNY32.00
    本书内容包括考试题型与复习方法,课堂笔记及典型例题精析两个部分。
●
相关链接 在E读中查询图书 在五车中查询图书 在当当中查询图书 在豆瓣中查询图书


正题名:2009年注册会计师考试课堂笔记及典型例题精析     索取号:F23/353         预约/预借

序号 登录号 条形码 馆藏地/架位号 状态 备注
1 0588094   205880947   第一样本阅览室/ [索取号:F23/353] 在馆    
2 0588095   205880956   第一借阅区/ [索取号:F23/353] 在馆    
3 0588096   205880965   第一借阅区/ [索取号:F23/353] 在馆    
4 0588097   205880974   第一借阅区/ [索取号:F23/353] 在馆    
5 0588098   205880983   第一借阅区/ [索取号:F23/353] 在馆    
唐山师范学院图书馆 欢迎您!
大连网信软件有限公司© 版权所有